000 00251nam a2200097Ia 4500
001 687991
005 20250826161606.0
008 250824s9999 xx 000 0 und d
245 0 _aPRENSES HİÇGÜLMEZİN TATİLİ
_cSALLY PRUE
260 _bMARTI YAYINLARI
999 _c687991
_d687991